000
00318 a2200133 4500
000
nam a22 7a 4500
100
_a
Singh
110
_a
Singh
245
_a
Principles of Soil Science
250
_a
Latest edition
260
_b
Academic Publication
_c
2026
264
_b
Academic Publication
_c
2026
942
_c
BK
999
_c
396065
_d
396065